|
|
|
|
| LEADER |
01985nam a2200433 i 4500 |
| 001 |
EBC3320158 |
| 003 |
MiAaPQ |
| 005 |
20200520144314.0 |
| 006 |
m o d | |
| 007 |
cr cnu|||||||| |
| 008 |
140918t20142014gw a ob 000 0 ger d |
| 020 |
|
|
|z 9783862197385
|
| 020 |
|
|
|a 9783862197392 (e-book)
|
| 035 |
|
|
|a (MiAaPQ)EBC3320158
|
| 035 |
|
|
|a (Au-PeEL)EBL3320158
|
| 035 |
|
|
|a (CaPaEBR)ebr10930028
|
| 035 |
|
|
|a (OCoLC)929118242
|
| 040 |
|
|
|a MiAaPQ
|b eng
|e rda
|e pn
|c MiAaPQ
|d MiAaPQ
|
| 050 |
|
4 |
|a TP339
|b .B74 2014
|
| 082 |
0 |
|
|a 333.9539
|2 23
|
| 100 |
1 |
|
|a Brugging, Elmar,
|e author.
|
| 245 |
1 |
0 |
|a Reaktionen in leichtflussigkeitsabscheidern bei Zufluss von bioethanol- und ethyltertiarbutylether-Benzin-Gemischen /
|c Elmar Brugging.
|
| 264 |
|
1 |
|a Kassel, Germany :
|b kassel university press,
|c 2014.
|
| 264 |
|
4 |
|c 2014
|
| 300 |
|
|
|a 1 online resource (140 pages) :
|b illustrations.
|
| 336 |
|
|
|a text
|2 rdacontent
|
| 337 |
|
|
|a computer
|2 rdamedia
|
| 338 |
|
|
|a online resource
|2 rdacarrier
|
| 490 |
0 |
|
|a Wasser, Abwasser, Umwelt ;
|v Band 36
|
| 504 |
|
|
|a Includes bibliographical references.
|
| 588 |
|
|
|a Description based on online resource; title from PDF title page (ebrary, viewed September 17, 2014).
|
| 590 |
|
|
|a Electronic reproduction. Ann Arbor, MI : ProQuest, 2015. Available via World Wide Web. Access may be limited to ProQuest affiliated libraries.
|
| 650 |
|
0 |
|a Biomass energy
|x Technological innovations.
|
| 650 |
|
0 |
|a Biomass energy
|x Economic aspects.
|
| 650 |
|
0 |
|a Renewable natural resources.
|
| 655 |
|
4 |
|a Electronic books.
|
| 776 |
0 |
8 |
|i Print version:
|a Brugging, Elmar.
|t Reaktionen in leichtflussigkeitsabscheidern bei Zufluss von bioethanol- und ethyltertiarbutylether-Benzin-Gemischen.
|d Kassel, Germany : kassel university press, c2014
|h xii, 138 pages
|k Wasser, Abwasser, Umwelt ; Band 36
|z 9783862197385
|
| 797 |
2 |
|
|a ProQuest (Firm)
|
| 856 |
4 |
0 |
|u https://ebookcentral.proquest.com/lib/matrademy/detail.action?docID=3320158
|z Click to View
|